1430 1643 1124 1518 1780 1444 1054 1405 1945 2000 1269 1236 1689 1758 1438 1018 1095 1822 1524 1088 1194 1106 1803 1807 1100 1518 1829 1700 1773 1200 1222 1079 1880 1536 1241 1708 1156 1684 1325 1708 1297 1796 1979 1642 1954 1963 1060 1493 1943 1344 1654 1618 1867 1770 1793 1618 1703 1215 1910 1432 1700 1039 1437 1700 1562 1562 1095 1026 1483 1154 1273 1366 1185 1657 1439 1959 1484 1899 1531 1300 1642 1308 1042 1700 1130 1801 1625 1379 1749 1906 1125 1327 1863 1530 1824 1486 1692 1203 1128 BCNSPRNW ULIB Ver.6.0+V

เปลี่ยนเป็นภาษาไทย

Change to English
 แสดงรายละเอียดบรรณานุกรม
  กลับหน้าหลัก

Brief Record : Get Marc (ISO 2709) : E-mail record : QR code < ปิดหน้าต่าง
LEADER : 00000nam 2200000uu 4500
001    13399121810
003     ULIB
008    121207s2551||||th 000 0 tha d
020    ^a9789741015863
060 04 ^aWQ200^bย617ว
245 00 ^aเวชศาสตร์มารดาและทารกในครรภ์ =^bMaternal-fetal medicine /^cเยื้อน ตันนิรันดร, วรพงศ์ ภู่พงศ์, บรรณาธิการ
246 31 ^aMaternal-fetal medicine
250    ^aนิพนธ์และเรียบเรียงครั้งที่ 2
260    ^aกรุงเทพฯ :^bราชวิทยาลัยสูตินรีแพทย์แห่งประเทศไทย,^c2551
300    ^a539 หน้า :^bภาพประกอบ ;^c30 ซม.
650  7 ^aสูติศาสตร์
650  7 ^aครรภ์
650  7 ^aอนามัยแม่และเด็ก
650  7 ^aครรภ์, การบำรุงรักษา
650  7 ^aทารกในครรภ์, การตรวจสภาพ
700 0  ^aเยื้อน ตันนิรันดร,^eบรรณาธิการ
700 0  ^aวรพงศ์ ภู่พงศ์,^eบรรณาธิการ
710 2  ^aราชวิทยาลัยสูตินรีแพทย์แห่งประเทศไทย
945    ^p400^l0^i16560
995    ^aทศพร
999    ^aทศพร เกษรทอง
รายการนี้ยังไม่มีแท็ก
คุณยังไม่ได้ล็อกอิน คุณสามารถมีกิจกรรมร่วมกับเว็บไซต์ได้ แต่ต้องล็อกอินก่อน ::
  ล็อกอิน

รายการสื่อสารสนเทศ

ลำดับที่ ประเภท เลขเรียก/บาร์โค้ด สถานที่ สถานะ
1. วิทยาศาสตร์การแพทย์ และสุขภาพ
วิทยาศาสตร์การแพทย์ และสุขภาพ
WQ200 ย617ว ฉ.1 
  Barcode: 16560
ห้องสมุดวิทยาเขตสวรรค์ประชารักษ์
►ส่วนจัดเก็บหนังสือเก่า สปร
บนชั้น
  ขอยืม

รายการใกล้เคียง
    หัวเรื่อง [สูติศาสตร์]
    หัวเรื่อง [ครรภ์]
    หัวเรื่อง [อนามัยแม่และเด็ก]
    หัวเรื่อง [ครรภ์, การบำรุงรักษา]
    หัวเรื่อง [ทารกในครรภ์, การตรวจสภาพ]

BibComment


ยังไม่เคยถูกคอมเมนท์

คอมเมนท์ทรัพยากรรายการนี้
  คอมเมนท์: เวชศาสตร์มารดาแล..


 Copyright 2026. Bcnsprnw @Library